Fr. Conceicao Rodrigues College of Engineering

Grinding technology (Record no. 26037)

MARC details
000 -LEADER
fixed length control field 00376nam a2200181Ia 4500
082 ## - DEWEY DECIMAL CLASSIFICATION NUMBER
Classification number 671.35
Item number MAL
100 ## - MAIN ENTRY--PERSONAL NAME
Personal name Malkin/Stephen/ Guo/C
250 ## - EDITION STATEMENT
Edition statement 2
245 ## - TITLE STATEMENT
Title Grinding technology
260 ## - PUBLICATION, DISTRIBUTION, ETC.
Name of publisher, distributor, etc. Industrial Press
Date of publication, distribution, etc. 2008
366 ## - TRADE AVAILABILITY INFORMATION
Publishers's discount category 20
300 ## - PHYSICAL DESCRIPTION
Extent 372
546 ## - LANGUAGE NOTE
Language note ENGLISH
-- Info.Tech
650 ## - SUBJECT ADDED ENTRY--TOPICAL TERM
Topical term or geographic name entry element grinding
654 ## - SUBJECT ADDED ENTRY--FACETED TOPICAL TERMS
Focus term grinding
942 ## - ADDED ENTRY ELEMENTS (KOHA)
Koha item type BOOK
Holdings
Withdrawn status Lost status Damaged status Not for loan Collection Home library Current library Date acquired Source of acquisition Cost, normal purchase price Inventory number Total Checkouts Full call number Barcode Date last seen Cost, replacement price Price effective from Koha item type
        CRC Fr. Agnel's C.Rodrigues College of Engineering Fr. Agnel's C.Rodrigues College of Engineering 17/03/2023 Ane Books India 3206.51 11 dt 22/05/2013   671.35 MAL 22627 17/03/2023 4008.14   BOOK